000 00879nam a2200325Ia 4500
008 220204s9999 xx 000 0 und d
082 _a581.132
_bBAR.3;1
245 0 _aPhotosynthesis in relation to model systems
260 _aAmsterdam
_bElsevier
_c1979
490 _aTopics in photosynthesis. V 3
650 _aBacterial reaction
650 _aBacteriorhodopsin
650 _aBiophotolysis
650 _aChromatophore
650 _aCyanobacteria
650 _aGlutaradebyde
650 _aIon transport
650 _aLipid membrane
650 _aLiposome
650 _aOrhtodox electrometer
650 _aPhotocatalyst
650 _aPhotophosphorylation
650 _aPhotosynthesis
650 _aProtein crosslinking
650 _aSpectroscopy
650 _aTransduction
650 _aWater splitting enzyme
700 _aBARBER, J
942 _cBK
999 _c35455
_d35455